000 01208nam a22002177a 4500
999 _c168624
_d168624
005 20191017144142.0
010 _aB-730562
020 _a9789353093341
_c35.00
035 _aB-730562
037 _bडी.बी.ए.डी./ उपहार
082 _a
100 _aरंगराजन, राधा
245 _aसमंदर किनारे केया का एक दिन /
_cराधा रंगराजन ; लावण्या नायडू द्वारा चित्रांकित ; अश्विनी व्यास द्वारा हिन्दी अनुवाद
260 _aनई दिल्ली
_bप्रथम बुक्स
_c2018
270 _a#621, 2nd floor, 5th Main, OMBR Layout, Banaswadi,
_bBengaluru
_e560043
_k+91 80 42052574, 91 11 41042483
300 _a12पृ.
_bसचित्र
_c14x20 सेमी (अजिल्द)
700 _928835
_aनायडू, लावण्या
700 _928836
_aव्यास, अश्विनी
942 _2ddc
_cCH
_h
_mरंगरा